பரீட்சை வழிகாட்டி : செயலட்டைகள் விடைகளுடன், தரம் - 04 /
Saved in:
| Main Author: | |
|---|---|
| Format: | Book |
| Language: | English Tamil |
| Published: |
கொழும்பு :
மாணவன் பதிப்பகம் ;
2022.
|
| Subjects: | |
| Tags: |
Add Tag
No Tags, Be the first to tag this record!
|
MARC
| LEADER | 00000nam a22000007a 4500 | ||
|---|---|---|---|
| 005 | 20260411094511.0 | ||
| 008 | 260411b |||||||| |||| 00| 0 eng d | ||
| 020 | |a 9789553990228 | ||
| 041 | |a tam | ||
| 082 | |a 372.4 |b ஜௌபர் | ||
| 100 | |a ஏ.எஸ்.ஜௌபர் | ||
| 245 | |a பரீட்சை வழிகாட்டி : |b செயலட்டைகள் விடைகளுடன், தரம் - 04 / |c ஏ.எஸ்.ஜௌபர் | ||
| 260 | |a கொழும்பு : |b மாணவன் பதிப்பகம் ; |c 2022. | ||
| 300 | |a 324 பக். |c 24.6 Cm. | ||
| 650 | |a Primary education (elementary education) |9 117220 | ||
| 942 | |c BK | ||
| 999 | |c 71260 |d 71260 | ||